书目信息 |
| 题名: |
委托合同、行纪合同、居间合同
|
|
| 作者: | 关德东 主编 ;关键 , 李云康 , 郭荣耀 编写 | |
| 分册: | ||
| 出版信息: | 北京 中国民主法制出版社 2003.09 |
|
| 页数: | 447页 | |
| 开本: | 21cm | |
| 丛书名: | 中国合同法实务操作丛书 | |
| 单 册: | ||
| 中图分类: | D923.64 | |
| 科图分类: | ||
| 主题词: | 合同法--基本知识--中国 | |
| 电子资源: | ||
| ISBN: | 7-80078-731-1 | |
| 000 | 01063nam2 2200289 450 | |
| 001 | 0100034100 | |
| 005 | 20050906163841.40 | |
| 010 | @a7-80078-731-1@dCNY26.00 | |
| 100 | @a20030313d2003 kmey0chiy0121 ea | |
| 101 | 0 | @achi |
| 102 | @aCN@b110000 | |
| 105 | @ay z 000yy | |
| 200 | 1 | @a委托合同、行纪合同、居间合同@AWei Tuo He Tong、Xing Ji He Tong、Ju Jian He Tong@f关德东主编@Fguan de dong zhu bian@g关键 … [等] 编写@Gguan jian…[deng]bian xie |
| 210 | @a北京@c中国民主法制出版社@d2003.09 | |
| 215 | @a447页@d21cm | |
| 225 | 2 | @a中国合同法实务操作丛书 |
| 304 | @a其他编写人员: 李云康, 郭荣耀, 范志敏等。 | |
| 330 | @a本书介绍了委托合同、行纪合同、居间合同的基本知识,对这三种合同的订立、履行等诸多问题进行了阐述。 | |
| 410 | 0 | @12001 @a中国合同法实务操作丛书 |
| 606 | 0 | @a合同法@x基本知识@y中国 |
| 690 | @aD923.64@v4 | |
| 701 | 0 | @a关德东@Aguan de dong@4主编 |
| 702 | 0 | @a关键@AGuan Jian@4编写 |
| 702 | 0 | @a李云康@ALi Yun Kang@4编写 |
| 702 | 0 | @a郭荣耀@AGuo Rong Yao@4编写 |
| 801 | 0 | @aCN@bQSSK@c20050906 |
| 905 | @a10447@dD923.64@eG540 | |
| 委托合同、行纪合同、居间合同/关德东主编/关键 … [等] 编写.-北京:中国民主法制出版社,2003.09 |
| 447页;21cm.-(中国合同法实务操作丛书) |
| ISBN 7-80078-731-1:CNY26.00 |
| 本书介绍了委托合同、行纪合同、居间合同的基本知识,对这三种合同的订立、履行等诸多问题进行了阐述。 |
| ● |
| 相关链接 |
|
|
|
正题名:委托合同、行纪合同、居间合同
索取号:D923.64/G540
 
预约/预借
| 序号 | 登录号 | 条形码 | 馆藏地/架位号 | 状态 | 备注 |
| 1 | 560396 | 205603961 | 社科库509/509社科库 94排1列2层/ [索取号:D923.64/G540] | 在馆 | |
| 2 | 560397 | 205603970 | 社科库509/509社科库 94排1列2层/ [索取号:D923.64/G540] | 在馆 | |
| 3 | 560398 | 205603989 | 社科库509/509社科库 94排1列2层/ [索取号:D923.64/G540] | 在馆 |